Managing across borders : The transnational solution

The economic liberalization of Eastern Europe, the single European market and the rise of industrialization in Asia call for a fresh approach to international business. This book shows how to analyze the economic, social and political changes and to develop appropriate responses. The book analyzes t...

Cur síos iomlán

Đã lưu trong:
Sonraí Bibleagrafaíochta
Príomhúdar: Bartlett, Christopher A.
Formáid: Leabhar
Teanga:Undetermined
Foilsithe: Boston, Mass. Harvard Business School Press 1989
Ábhair:
Clibeanna: Cuir Clib Leis
Gan Chlibeanna, Bí ar an gcéad duine leis an taifead seo a chlibeáil!
Thư viện lưu trữ: Trung tâm Học liệu Trường Đại học Cần Thơ
LEADER 01338nam a2200229Ia 4500
001 CTU_222090
008 210402s9999 xx 000 0 und d
082 |a 658.049 
082 |b B289 
100 |a Bartlett, Christopher A. 
245 0 |a Managing across borders : 
245 4 |b The transnational solution 
245 0 |c Christopher A. Bartlett, Sumantra Ghoshal. 
260 |a Boston, Mass. 
260 |b Harvard Business School Press 
260 |c 1989 
520 |a The economic liberalization of Eastern Europe, the single European market and the rise of industrialization in Asia call for a fresh approach to international business. This book shows how to analyze the economic, social and political changes and to develop appropriate responses. The book analyzes trade policy in a number of countries, explores the movement of capital and examines balance of payments situations around the world. It then sees how these various factors bear upon the competitiveness of US firms. Meier stresses the need to develop a clear yet flexible global vision in a world which is rapidly altering. 
650 |a International business enterprises,Doanh nghiệp kinh doanh quốc tế 
650 |x Management,Quản trị 
904 |i Kim Tuyến 
910 |a Qhieu 
980 |a Trung tâm Học liệu Trường Đại học Cần Thơ